000 00665nam a2200169Ia 4500
008 090711s9999 xx 000 0 und d
082 _b54991
100 _aबेलसरे केशव वि.
245 _aश्रीमत् दासबोध प्रवSान - पारिजात
260 _c1985
300 _a210
600 _aबेलसरे केशव वि.
630 _aश्रीमत् दासबोध प्रवSान - पारिजात
700 _aबेलसरे केशव वि.
730 _aश्रीमत् दासबोध प्रवSान - पारिजात
942 _cBOOK
999 _c281289
_d281289